000
00261nam a2200097Ia 4500
001
793350
005
20250826170647.0
008
250824s9999 xx 000 0 und d
245
0
_a
SENİ İÇİMDEN TERK EDEMİYORUM
_c
KAHRAMAN TAZEOĞLU
260
_b
DESTEK YAYINLARI
999
_c
793350
_d
793350